Porto players since 2000 - Statistics

General Stats
  • This quiz has been taken 26 times
  • The average score is 120 of 292
Answer Stats
Ranking Player Positions Nationality Matches Goals Assists Periods % Correct
13 Diogo Costa GK 135 0 0 2019-2025
95%
1 Helton Arruda GK 232 0 0 2005-2016
95%
44 Jackson Martínez FW 90 67 9 2012-2015
95%
2 Pepe DF, MF 196 13 6 2004-2006, 2018-2024
95%
17 Pepê DF, MF, FW 127 15 18 2021-2025
95%
7 Héctor Herrera MF 164 26 16 2013-2019
90%
23 Iker Casillas GK 116 0 0 2015-2019
90%
72 James Rodríguez MF, FW 65 25 26 2010-2013
90%
41 Jorge Costa DF 93 6 6 2000-2005
90%
169 José Sá GK 15 0 0 2016-2018
90%
260 Orlando Sá FW 2 0 0 2009-2010
90%
91 Radamel Falcao FW 51 41 2 2009-2012
90%
8 Ricardo Quaresma MF, FW 155 34 50 2004-2007, 2013-2015
90%
63 Álvaro Pereira DF, MF 72 2 9 2009-2012
86%
5 Iván Marcano DF 177 24 4 2014-2017, 2019-2025
86%
45 Maxi Pereira DF 89 3 15 2015-2019
86%
19 Mehdi Taremi MF, FW 122 64 34 2020-2024
86%
59 Ricardo Costa DF 75 3 1 2001-2007
86%
99 Ricardo Pereira DF, FW 46 4 3 2013-2014, 2017-2018
86%
46 Toni Martínez FW 89 19 4 2020-2025
86%
9 Yacine Brahimi MF, FW 148 39 20 2014-2019
86%
168 Abdoulaye Ba DF 15 0 0 2012-2014
81%
196 André Pereira MF, FW 10 1 1 2017-2019
81%
113 Cândido Costa DF 33 3 0 2000-2003
81%
48 Chancel Mbemba DF 87 5 0 2018-2022
81%
14 Danilo Pereira DF, MF, FW 134 15 5 2015-2021
81%
3 Jesús Corona DF, MF, FW 193 23 41 2015-2022
81%
6 Lucho González MF 168 39 24 2005-2008, 2011-2014
81%
56 Marko Grujić MF 80 4 1 2020-2025
81%
204 Paulo Costa MF 10 0 0 2001-2002
81%
38 Stephen Eustáquio DF, MF 95 4 7 2021-2025
81%
106 Tomás Costa MF 41 2 1 2008-2010
81%
53 Vincent Aboubakar FW 83 36 10 2014-2015, 2017-2020
81%
104 André Silva FW 41 17 6 2015-2017
76%
142 Bruno Xavier Almeida Costa DF, MF, FW 22 0 1 2018-2019, 2021-2023
76%
66 Cristian Rodríguez MF 70 12 1 2008-2012
76%
187 Fábio Silva MF, FW 12 1 0 2019-2020
76%
57 Luis Díaz MF, FW 77 26 11 2019-2022
76%
61 Mariano González MF 73 7 6 2007-2011
76%
18 Moussa Marega MF, FW 126 52 14 2015-2016, 2017-2021
76%
135 Tiago Pereira MF 25 1 1 2002-2004
76%
21 Deco MF 119 32 23 2000-2004
71%
34 Hulk MF, FW 99 54 36 2008-2013
71%
52 João Moutinho MF 83 4 23 2010-2013
71%
55 Maniche MF 80 15 15 2002-2005
71%
112 Mário Silva DF 34 0 0 2001-2004
71%
102 Nicolás González MF 42 7 4 2023-2025
71%
4 Otávio MF, FW 183 19 45 2016-2024
71%
11 Silvestre Varela MF, FW 141 34 18 2009-2013, 2015-2017
71%
16 Vítor Baía GK 129 0 0 2001-2007
71%
76 Alan Varela MF 61 2 5 2023-2025
67%
49 Benni McCarthy FW 86 46 6 2001-2002, 2003-2006
67%
272 Elias Alves da Silva MF 1 0 0 2002-2003
67%
140 Marco Ferreira MF 23 3 1 2002-2004
67%
124 Martim Fernandes DF 29 0 7 2023-2025
67%
75 Paulo Ferreira DF 62 0 2 2002-2004
67%
64 Ricardo Carvalho DF 72 3 2 2001-2004
67%
173 Ricardo Emídio Ramalho Silva DF 15 3 0 2000-2002
67%
182 Ricardo Fernandes DF, MF 13 1 3 2003-2004
67%
141 Rodrigo Mora MF, FW 23 10 4 2024-2025
67%
77 Rúben Neves MF 59 3 1 2014-2017
67%
154 Zé Luís MF, FW 20 7 0 2019-2021
67%
71 André André MF 65 4 6 2015-2018
62%
43 Danilo DF, MF 91 11 9 2011-2015
62%
89 Eliaquim Mangala DF 51 6 1 2011-2014
62%
37 Evanilson FW 96 37 12 2020-2025
62%
54 Fabio Vieira MF, FW 80 12 17 2019-2021, 2024-2025
62%
39 Galeno DF, MF, FW 94 26 10 2017-2018, 2021-2025
62%
172 Paulinho Santos MF 15 1 0 2000-2003
62%
212 Paulo Santos GK 8 0 0 2001-2002
62%
107 Vitinha MF 38 2 3 2019-2020, 2021-2022
62%
215 William Gomes MF, FW 8 0 0 2024-2025
62%
70 Agustín Marchesín GK 65 0 1 2019-2022
57%
47 Alex Sandro DF, MF 87 3 7 2011-2016
57%
15 Alex Telles DF 129 21 38 2016-2021
57%
186 Eulânio Ângelo Chipela Gomes DF, MF 12 0 0 2020-2021
57%
31 Lisandro López MF, FW 106 49 14 2005-2009
57%
27 Mateus Uribe MF 113 10 4 2019-2023
57%
134 Nehuén Pérez DF 25 1 2 2024-2025
57%
32 Sérgio Oliveira MF 102 25 13 2015-2022
57%
229 Tomás Pérez DF, MF 6 0 0 2024-2025
57%
131 Adrián López MF, FW 25 1 2 2014-2015, 2016-2017, 2018-2019
52%
268 Andrés Fernández GK 1 0 0 2014-2015
52%
20 Bruno Alves DF 119 14 2 2005-2010
52%
175 Deniz Gül FW 14 1 0 2024-2025
52%
127 Diogo Jota MF, FW 27 8 5 2016-2017
52%
69 Francisco Conceição MF, FW 66 7 5 2020-2021, 2023-2024
52%
74 Fredy Guarín MF 63 11 5 2008-2012
52%
26 Hélder Postiga FW 114 36 5 2001-2002, 2004-2008
52%
33 Jorge Fucile DF 101 1 5 2006-2011, 2013-2014
52%
30 José Bosingwa DF 107 3 4 2003-2008
52%
35 Óliver Torres MF, FW 99 12 12 2014-2015, 2016-2019
52%
130 Pedro Mendes MF 26 0 1 2003-2004
52%
12 Raul Meireles MF 137 15 16 2004-2010
52%
122 Samu Omorodion FW 30 19 3 2024-2025
52%
194 Sérgio Conceição MF 11 0 1 2003-2004
52%
96 Bruno Martins Indi DF 48 2 1 2014-2016
48%
126 Casemiro MF 28 3 3 2014-2015
48%
224 Cláudio Ramos GK 6 0 0 2021-2025
48%
29 Costinha MF 108 13 6 2001-2005
48%
95 Fábio Cardoso DF 49 3 1 2021-2024
48%
111 Hugo Almeida FW 34 4 0 2003-2006
48%
226 João Mendes DF 6 0 1 2021-2022, 2023-2024
48%
177 Jorge Eduardo Sánchez DF 14 0 2 2023-2024
48%
92 Miguel Layún DF, MF 50 6 15 2015-2018
48%
179 Miguel Lopes DF 14 1 1 2009-2010, 2012-2013
48%
58 Nicolás Otamendi DF 77 8 2 2010-2014
48%
167 Rodrigo Conceição DF, MF 16 0 0 2022-2023
48%
73 Steven Defour MF 65 3 4 2011-2014
48%
183 Vasco Sousa MF 13 0 0 2022-2023, 2024-2025
48%
60 Zaidu Sanusi DF, FW 75 5 1 2020-2025
48%
138 Aloísio Pires Alves DF 23 2 0 2000-2001
43%
270 Bruno Vale GK 1 0 0 2003-2004
43%
82 Cristian Săpunaru DF 56 2 0 2008-2012
43%
79 Derlei FW 57 19 5 2002-2005
43%
51 Dmitri Alenichev MF 84 12 1 2000-2004
43%
273 Evaldo Fabiano DF 1 0 0 2003-2004
43%
108 Fabiano GK 37 0 0 2012-2014, 2017-2018
43%
40 Felipe DF 93 6 3 2016-2019
43%
10 Fernando DF, MF 142 2 1 2008-2014
43%
180 Fernando DF, MF, FW 13 1 0 2018-2019, 2021-2022
43%
247 Francisco Ramos MF 3 0 0 2015-2016
43%
277 Gonçalo Sousa FW 1 0 0 2023-2024
43%
24 João Mário Lopes DF, MF 116 5 13 2019-2025
43%
100 Jorge Luiz Sousa MF, FW 44 5 7 2005-2007
43%
144 Luís Fabiano FW 22 3 2 2004-2005
43%
128 Moura DF, MF 27 3 9 2024-2025
43%
222 Romeu Almeida FW 7 0 0 2000-2001
43%
50 Wilson Manafá DF, FW 85 2 3 2018-2023
43%
158 Anderson MF 18 2 2 2005-2007
38%
146 André Castro MF 20 1 0 2007-2008, 2010-2011, 2012-2013
38%
143 Carlos Alberto MF 22 2 1 2003-2005
38%
80 Carlos Secretário DF 56 0 0 2000-2004
38%
165 David Carmo DF 16 0 0 2022-2024
38%
147 Diego Reyes DF, MF 20 2 1 2013-2014, 2017-2018
38%
118 Diogo Leite DF 31 2 0 2018-2021
38%
123 Éder Militão DF 29 3 2 2018-2019
38%
236 Felipe Anderson MF, FW 5 0 0 2020-2021
38%
211 Malang Sarr DF 8 0 0 2020-2021
38%
137 Nuno GK 24 0 0 2002-2004, 2007-2009
38%
83 Nuno Valente DF 56 0 6 2002-2005
38%
288 Pedro Nuno MF 1 0 0 2001-2002
38%
28 Rolando DF 112 7 1 2008-2013
38%
290 Rúben Semedo DF, MF 1 0 0 2021-2022
38%
207 Rui Pedro MF, FW 9 2 0 2016-2017
38%
36 Tiquinho Soares FW 97 45 9 2016-2020
38%
65 Wendell DF 71 6 5 2021-2025
38%
94 André Franco MF, FW 49 3 1 2022-2025
33%
184 Beto GK 12 0 0 2009-2011
33%
42 Capucho MF 91 15 1 2000-2003
33%
162 Christian Atsu MF, FW 17 1 1 2012-2013
33%
97 Diego MF 48 4 5 2004-2006
33%
271 Diogo Valente MF, FW 1 0 0 2006-2007
33%
84 Edgaras Jankauskas FW 54 11 5 2002-2004
33%
139 Giourkas Seitaridis DF 23 0 0 2004-2005
33%
201 Gonçalo Paciência MF, FW 10 0 1 2014-2015, 2017-2018
33%
88 Jorge Andrade DF 52 3 0 2000-2002
33%
227 Juan Iturbe MF, FW 6 0 0 2011-2014
33%
170 Kelvin MF, FW 15 3 2 2012-2013, 2016-2017
33%
219 Laurent Depoitre FW 7 1 0 2016-2017
33%
228 Liédson MF, FW 6 0 0 2012-2013
33%
25 Maicon DF 116 11 2 2009-2016
33%
202 Marc Janko FW 10 4 0 2011-2012
33%
125 Romário Baró MF, FW 29 0 1 2019-2020, 2023-2024
33%
153 Shoya Nakajima MF, FW 20 0 2 2019-2021
33%
114 Alan MF, FW 32 2 1 2005-2007
29%
239 Alberto Bueno MF, FW 4 0 1 2015-2016
29%
161 Carlos Eduardo MF 17 4 3 2013-2014
29%
105 César Peixoto DF, MF 41 9 2 2002-2006
29%
197 Chidozie Awaziem DF 10 0 0 2015-2016
29%
109 Cristian Tello DF, MF, FW 36 7 7 2014-2016
29%
225 Diogo Dalot DF 6 0 2 2017-2018
29%
198 Domingos Paciência FW 10 3 0 2000-2001
29%
199 Fran Navarro FW 10 0 0 2023-2025
29%
86 Gonçalo Borges MF, FW 54 2 5 2021-2025
29%
132 Licá MF, FW 25 3 2 2013-2014
29%
192 Mamadou Loum DF, MF 11 1 0 2018-2021
29%
181 Marat Izmailov MF 13 1 1 2012-2013
29%
259 Mikel Agu DF, MF 2 0 0 2013-2014
29%
116 Otavio Ataide DF 32 2 1 2023-2025
29%
242 Paulo Machado MF 4 0 0 2004-2005
29%
213 Tiago Djaló DF 8 0 0 2024-2025
29%
291 Victor García MF 1 0 0 2013-2014
29%
245 Willy Boly DF 4 0 0 2016-2017
29%
292 Yordan Osorio DF 1 0 0 2017-2018
29%
231 Abdul Majeed Waris MF, FW 5 0 0 2017-2018
24%
159 Aly Cissokho DF 17 0 0 2008-2009, 2015-2016
24%
223 Andrés Madrid MF 6 0 0 2008-2009
24%
232 Bernardo Folha MF, FW 5 0 0 2022-2023
24%
216 Dani Osvaldo FW 7 1 0 2015-2016
24%
67 Fernando Belluschi MF 69 6 18 2009-2012
24%
163 Gabriel Veron MF, FW 17 0 2 2022-2023
24%
209 João Carlos Teixeira MF, FW 8 0 0 2016-2017
24%
189 João Paulo DF, MF 11 1 0 2006-2008
24%
151 Josef de Souza MF 20 0 0 2010-2012
24%
101 Juan Quintero MF, FW 42 6 4 2013-2015
24%
129 Kléber FW 26 9 3 2011-2013
24%
221 Léo Lima MF 7 0 0 2004-2005
24%
133 Ljubinko Drulović MF, FW 25 4 0 2000-2001
24%
282 Marius Mouandilmadji FW 1 1 0 2018-2019
24%
283 Mouhamed Mbaye GK 1 0 0 2019-2020
24%
249 Paulinho MF, FW 3 0 0 2017-2018
24%
62 Paulo Assunção MF 73 0 0 2005-2008
24%
87 Pena FW 53 28 0 2000-2002
24%
265 Ukra MF, FW 2 0 0 2010-2011
24%
244 Vaná GK 4 0 0 2017-2019
24%
93 Adriano FW 49 19 1 2005-2008
19%
174 António Folha MF, FW 14 1 0 2000-2001
19%
160 Bruno Moraes FW 17 2 1 2003-2004, 2006-2007
19%
155 Carlos Chaínho MF 19 1 0 2000-2001
19%
78 Carlos Paredes MF 57 2 0 2000-2002
19%
68 Danny Loader MF, FW 68 8 5 2021-2025
19%
234 Emídio Rafael DF 5 0 0 2010-2011
19%
275 Fernando Ferreira Fonseca DF, MF 1 0 0 2016-2017
19%
148 Fernando Nélson DF 20 0 0 2000-2001
19%
276 Francisco Meixedo GK 1 0 0 2021-2022
19%
200 Giannelli Imbula MF 10 0 1 2015-2016
19%
278 Héctor Quiñones DF 1 0 0 2012-2013
19%
237 Hélder Barbosa MF, FW 5 0 0 2005-2006, 2007-2008
19%
217 Henrique Sereno DF 7 0 0 2010-2011
19%
280 Joris Kayembe DF, FW 1 0 0 2013-2014
19%
258 José Campaña MF 2 0 0 2014-2015
19%
281 Kadú GK 1 0 0 2011-2012
19%
210 Leandro Lima MF 8 0 0 2007-2008
19%
90 Marek Čech DF 51 2 5 2005-2008
19%
203 Milan Stepanov DF 10 0 0 2007-2009
19%
188 Miran Pavlin MF 12 1 0 2000-2002
19%
166 Nabil Ghilas MF, FW 16 1 3 2013-2014
19%
285 Paweł Kieszek GK 1 0 0 2010-2011
19%
22 Pedro Emanuel DF 119 1 4 2002-2005, 2007-2009
19%
286 Pedro Espinha GK 1 0 0 2000-2001
19%
250 Rafael MF 3 0 0 2001-2002
19%
121 Rúben Micael MF 30 0 4 2009-2012
19%
103 Sergei Ovchinnikov GK 42 0 0 2000-2002
19%
195 Silvio Marić MF 11 2 0 2000-2001
19%
208 Suk Hyun-jun MF, FW 9 1 0 2015-2016
19%
110 Tarik Sektioui MF, FW 36 7 3 2006-2009
19%
263 Tomás Esteves DF 2 0 0 2019-2020
19%
251 Tomo Šokota FW 3 0 0 2005-2007
19%
214 Vieirinha DF, FW 8 0 1 2006-2007
19%
157 Walter FW 19 7 1 2010-2012
19%
230 Wason Rentería FW 6 0 1 2006-2007
19%
266 Abraham Marcus FW 1 0 0 2022-2023
14%
246 Ákos Buzsáky MF 3 0 0 2002-2003
14%
267 André Vilas Boas MF 1 0 0 2003-2004
14%
269 Bruno Gama MF, FW 1 0 0 2004-2005
14%
252 Carraça DF, MF 2 0 0 2020-2021
14%
233 Cláudio Pitbull FW 5 0 1 2004-2005
14%
240 Daniel Candeias MF, FW 4 0 0 2008-2009
14%
185 Diego Valeri MF, FW 12 0 1 2009-2010
14%
254 Emílio Peixe MF 2 0 0 2000-2001
14%
85 Ernesto Farías FW 54 23 7 2007-2010
14%
274 Ezequias DF 1 0 0 2006-2007
14%
235 Fatih Sonkaya DF 5 0 1 2005-2006
14%
136 Fredrik Söderström MF 24 0 0 2001-2002
14%
149 Hugo Ibarra DF 20 0 0 2001-2002
14%
218 Hugo Leal MF 7 0 0 2004-2005
14%
98 Ibson MF 46 2 2 2004-2007
14%
257 Joca MF 2 0 0 2001-2002
14%
178 José Ángel DF, MF 14 0 1 2014-2016
14%
190 Juan Antonio Pizzi FW 11 3 0 2000-2001
14%
248 Juan Esnáider FW 3 0 0 2001-2002
14%
220 Leandro Bonfim MF, FW 7 0 1 2004-2005
14%
191 Lino DF 11 0 0 2007-2009
14%
241 Lucas Mareque DF 4 0 0 2006-2007
14%
156 Maciel FW 19 3 1 2003-2005
14%
171 Mario Bolatti MF 15 0 0 2007-2008
14%
206 Miguel Areias DF 9 0 2 2004-2005
14%
238 Nelson Benítez DF, MF 5 0 1 2008-2009
14%
284 Nuno André Coelho DF 1 0 0 2009-2010
14%
287 Pedro Manuel Mendes Ribeiro DF 1 0 0 2003-2004
14%
261 Pelé MF 2 0 0 2008-2009
14%
193 Przemysław Kaźmierczak MF 11 0 1 2007-2008
14%
262 Rabiola FW 2 0 0 2008-2009
14%
289 Rafael Bracalli GK 1 0 0 2011-2012
14%
164 Rubens Júnior DF 17 0 0 2000-2002
14%
243 Sebá MF, FW 4 0 0 2012-2013
14%
264 Tozé MF, FW 2 0 0 2012-2014
14%
81 Clayton Ferreira Cruz MF, FW 56 12 0 2000-2003
10%
176 Djalma Campos MF, FW 14 1 1 2011-2012
10%
253 Edgar FW 2 0 0 2007-2008
10%
145 Esquerdinha DF, MF 21 4 0 2000-2001
10%
115 Evandro Goebel MF 32 2 1 2014-2016
10%
119 Hernâni Fortes MF, FW 30 3 2 2014-2015, 2017-2019
10%
255 Hugo Luz DF 2 0 0 2002-2003
10%
256 Hugo Ventura GK 2 0 0 2007-2009
10%
150 Ivanildo Cassamá MF 20 0 0 2004-2006
10%
120 Ivan Jaime Pajuelo MF, FW 30 3 2 2023-2025
10%
279 Joao Reinaldo DF 1 0 0 2002-2003
10%
152 Josué Pesqueira MF, FW 20 4 5 2013-2014
10%
205 Leandro Silva Wanderley DF 9 1 0 2004-2005
10%
117 Zé Pedro Figueiredo DF 32 2 0 2023-2025
10%
No matching quizzes found
Score Distribution
Percent of People with Each Score
Percentile by Number Answered
Your Score History
You have not taken this quiz